| 000 | 00895nam a22003257a 4500 | ||
|---|---|---|---|
| 001 | BR0403805 | ||
| 003 | BR-BrBNA | ||
| 005 | 20230928101659.0 | ||
| 007 | ta | ||
| 008 | 230509b bl.||||| |||| 00| 0 por d | ||
| 040 |
_aBR-BrBNA _bpor _cBiblioteca Nacional de Agricultura |
||
| 041 | _a(Por) | ||
| 072 | _aE14; E16 | ||
| 090 | _ E14 BR0403805 | ||
| 110 | 1 |
_aPrograma Meso Regional do Araripe, Fortaleza, CE (Brasil) _97995 |
|
| 245 | 1 | _aPrograma Araripe; gestão ambiental; caprinocultura; apicultura; turismo; cerâmica; mandiocultura | |
| 260 | 3 |
_aFortaleza, CE (Brasil): _c2003. |
|
| 300 | _a10 p. | ||
| 500 | _a20 illus. | ||
| 650 | _aCAPRINOCULTURA | ||
| 650 | _aAPICULTURA | ||
| 650 | _aTURISMO | ||
| 650 | _aARTESANATO | ||
| 650 | _aMANDIOCA | ||
| 650 | _aPIAUI | ||
| 650 | _aPERNAMBUCO | ||
| 650 | _aCEARA | ||
| 909 |
_a202309 _bLucia _c55 _dLucia Elande |
||
| 942 | _cBK | ||
| 999 |
_c67029 _d67029 |
||